000 00887nam a2200229 a 4500
001 000474639
003 AM-YEHGA
005 20250617163622.0
008 060214s1961 ||||||||||||||||||||rus d
040 _aAM-YeHGA
041 1 _arus
_hfre
100 1 _aМассэ, А.
245 1 0 _aИслам :
_bОчерк истории : Пер. с фр. /
_cА. Массэ ; Пер. Н.Б. Кобриной и др. ; Под ред. и с предисл. Е.А. Беляева ; АН СССР. Ин-т народов Азии.
246 1 _aL'Islam
260 _aМосква :
_bИзд-во вост. лит,
_c1961.
300 _a229 с.
650 1 4 _aРелигия
700 1 _aКобрина, Н.Б.
_eпер.
_4trl
700 1 _aБеляев, Е.А.
_eред.
_4edt
_eавт. предисл.
_4aui
710 2 _aИнститут народов Азии АН СССР
090 _c513007
999 _c509545
_d509545